| 000 | 00547cam a22001691 4500 | ||
|---|---|---|---|
| 082 |
_a604.2 _bHOE _cL-12, P-14 |
||
| 100 | 1 |
_aHoelscher, Randolph P. _940286 |
|
| 245 | 1 | 0 |
_aEngineering drawing and geometry _c[by] Randolph P. Hoelscher [and] Clifford H. Springer. |
| 260 |
_aNew York, _bWiley _c[1956] |
||
| 300 |
_a1 v. _billus. _c29 cm. |
||
| 526 |
_a0 _b0 _c0 _d604_200000000000000_HOE |
||
| 650 | 0 | _aGeometry, Descriptive. | |
| 650 | 0 |
_aMCE _9379 |
|
| 650 | 0 | _aMechanical drawing. | |
| 700 | 1 |
_aSpringer, Clifford Harry, _940287 |
|
| 942 |
_2ddc _cBK |
||
| 999 |
_c544611 _d544611 |
||